000 01101nam a2200325Ia 4500
001 Z_6973
003 CHAP
008 220113s2001 xx 000 0 und d
010 _a170231
020 _a0-9618940-2-4
040 _cCHAP
082 _a598.07234973 P95
100 _aPyle, Peter
_9146447
245 _aIdentification guide to North American birds : part I Columbidae to Ploceidae /
_cPeter Pyle ; colaboradores Steve N.G. Howell...[et al.] ; ilustración Steve N.G. Howell
250 _a2a reimp. 2001
260 _aBolinas, California :
_bSlate Creek Press,
_c2001
300 _axi, 732 p.
500 _a"A compendium of information on identifying, ageing, and sexing 'near-passerines' and passerines in the hand"
503 _aej.1: consumo
504 _aBibliografís: p. 692 - 723
650 _aAves
_x
_x América del Norte
_x
_x Identificación
_9146302
700 _a Howell, Steve N. G., il.
_9146448
700 _aHowell, Steve N. G., colab
_9146449
901 _a598.07234973 P95
902 _aM
910 _a2001
942 _c1
942 _cc1
999 _c170231
_d170231